Statistics for 2023-24 NHL PLAYER BY PICTURE #7

Click here to take the quiz!

General Stats

  • This quiz has been taken 48 times
  • The average score is 11 of 16

Answer Stats

Answer% Correct
Auston Matthews
100%
Nikita Kucherov
87%
Roman Josi
87%
Sebastian Aho
82%
Victor Hedman
82%
Moritz Seider
68%
Sam Reinhart
66%
Jeff Skinner
63%
David Perron
61%
Bryan Rust
55%
Filip Hronek
55%
Jared McCann
55%
Josh Morrissey
55%
Mats Zuccarello
53%
Sean Couturier
50%
Mike Matheson
39%

Score Distribution

Percentile by Number Answered

Percent of People with Each Score

Your Score History

You have not taken this quiz